| 000 | 00823nam a22001811a 4500 | ||
|---|---|---|---|
| 001 | 12245 | ||
| 003 | OSt | ||
| 005 | 20260204212318.0 | ||
| 008 | 150407s2013|||| ||||||b||||||||||spa|| | ||
| 020 | _a9789945443622 | ||
| 082 | _aRD 330.97293 N889l | ||
| 245 | _aNueva Literatura Economica Dominicana Primios del Concurso de Economia Bblioteca Juan Pablo Duarte | ||
| 264 | _aSanto Domingo : Banco Central de la Republica Dominiocana | ||
| 300 | _a244 p. | ||
| 490 | _a(coleccion del banco central de la republica dominicana sobre nueva literatura economica) | ||
| 650 | _a1- ECONOMIA- CONCURSO - REPUBLICA DOMINICANA- POLITICA MONETARIA- REPUBLICA DOMINICANA 2- RIEGO (ECONOMIA)- REPUBLICA DOMINICANA-EMPLEO ESTUDIANTE- REPUBLICA DOMINICANA CREDITO- REPUBLICA DOMINICANA- VIOLENCIA CONYUGAL-AMERICAĆ | ||
| 942 |
_2ddc _cBK |
||
| 999 |
_c12245 _d12245 |
||